<?xml version="1.0" encoding="UTF-8"?>
<record
    xmlns:xsi="http://www.w3.org/2001/XMLSchema-instance"
    xsi:schemaLocation="http://www.loc.gov/MARC21/slim http://www.loc.gov/standards/marcxml/schema/MARC21slim.xsd"
    xmlns="http://www.loc.gov/MARC21/slim">

  <leader>01332nam a2200205Ia 4500</leader>
  <controlfield tag="005">20240521145824.0</controlfield>
  <controlfield tag="008">230718s9999    xx            000 0 und d</controlfield>
  <datafield tag="020" ind1=" " ind2=" ">
    <subfield code="a">9789352533848</subfield>
  </datafield>
  <datafield tag="041" ind1=" " ind2=" ">
    <subfield code="a">eng</subfield>
  </datafield>
  <datafield tag="082" ind1=" " ind2=" ">
    <subfield code="a">621.402'2</subfield>
    <subfield code="b">RAJ</subfield>
  </datafield>
  <datafield tag="100" ind1=" " ind2=" ">
    <subfield code="a">Rajput R.K.</subfield>
    <subfield code="9">137180</subfield>
  </datafield>
  <datafield tag="245" ind1=" " ind2=" ">
    <subfield code="a">Textbook Of Heat And Mass Transfer </subfield>
    <subfield code="b">SI Units</subfield>
  </datafield>
  <datafield tag="260" ind1=" " ind2=" ">
    <subfield code="c">2018</subfield>
    <subfield code="b">S.Chand</subfield>
  </datafield>
  <datafield tag="300" ind1=" " ind2=" ">
    <subfield code="a">915</subfield>
  </datafield>
  <datafield tag="365" ind1=" " ind2=" ">
    <subfield code="c">Rs.</subfield>
    <subfield code="b">625.00</subfield>
  </datafield>
  <datafield tag="520" ind1=" " ind2=" ">
    <subfield code="a">1. BASIC CONCEPTS
PART - I: HEAT TRANSFER BY "CONDUCTION"
2. "CONDUCTION" HEAT TRANSFER AT STEADY STATE- ONE DIMENSION
3. CONDUCTION HEAT TRANSFER AT STEADY STATE- TWO DIMENSIONS AND THREE DIMENSIONS
4. HEAT CONDUCTION-TRANSIENT (UNSTEADY STATE)
PART - II : HEAT TRANSFER BY "CONVECTION"
5. HEAT TRANSFER BY "FORCED CONVECTION"
6. HEAT TRANSFER BY "FREE CONVECTION"
7. BOILING AND CONDENSATION
8. HEAT EXCHANGERS
PART - III : HEAT TRANSFER BY "RADIATION"
9. HEAT TRANSFER BY RADIATION
PART - IV : MASS TRANSFER
10. MASS TRANSFER
PART - V : MISCELLANEOUS
11. INTRODUCTION TO HYDRODYNAMICS
12. DIMENSIONAL ANALYSIS
13. UNIVERSITIES' EXAMINATIONS QUESTIONS (LATEST-SELECTED) WITH ANSWERS/SOLUTIONS
14. GATE AND UPSC EXAMINATIONS' QUESTIONS (LATEST-SELECTED) WITH ANSWERS/SOLUTIONS
INDEX</subfield>
  </datafield>
  <datafield tag="700" ind1=" " ind2=" ">
    <subfield code="a">Rajput R.K.</subfield>
    <subfield code="9">137180</subfield>
  </datafield>
  <datafield tag="906" ind1=" " ind2=" ">
    <subfield code="d">O:0712003-Mar-2020B:12702-Mar-2020</subfield>
    <subfield code="c">SM</subfield>
    <subfield code="b">937.5</subfield>
  </datafield>
  <datafield tag="942" ind1=" " ind2=" ">
    <subfield code="c">BK</subfield>
  </datafield>
  <datafield tag="999" ind1=" " ind2=" ">
    <subfield code="c">351537</subfield>
    <subfield code="d">351537</subfield>
  </datafield>
  <datafield tag="952" ind1=" " ind2=" ">
    <subfield code="0">0</subfield>
    <subfield code="1">0</subfield>
    <subfield code="4">0</subfield>
    <subfield code="7">0</subfield>
    <subfield code="a">CCEP</subfield>
    <subfield code="b">CCEP</subfield>
    <subfield code="d">2020-03-03</subfield>
    <subfield code="e">Shiv Book Center</subfield>
    <subfield code="f">SM</subfield>
    <subfield code="g">468.75</subfield>
    <subfield code="i">127</subfield>
    <subfield code="l">27</subfield>
    <subfield code="o">621.402'2</subfield>
    <subfield code="p">CCEP-BK-62748</subfield>
    <subfield code="r">2025-12-11 15:10:37</subfield>
    <subfield code="s">2025-11-13</subfield>
    <subfield code="t">937.5</subfield>
    <subfield code="v">625.00</subfield>
    <subfield code="w">2020-03-02</subfield>
    <subfield code="y">BK</subfield>
    <subfield code="z">062748</subfield>
  </datafield>
  <datafield tag="952" ind1=" " ind2=" ">
    <subfield code="0">0</subfield>
    <subfield code="1">0</subfield>
    <subfield code="2">ddc</subfield>
    <subfield code="4">0</subfield>
    <subfield code="7">0</subfield>
    <subfield code="a">CCEP</subfield>
    <subfield code="b">CCEP</subfield>
    <subfield code="d">2023-10-05</subfield>
    <subfield code="e">63</subfield>
    <subfield code="g">487.50</subfield>
    <subfield code="l">3</subfield>
    <subfield code="o">621.402'2 RAJ</subfield>
    <subfield code="p">CCEP-BK-65489</subfield>
    <subfield code="r">2025-12-12 12:53:56</subfield>
    <subfield code="s">2025-09-04</subfield>
    <subfield code="v">650.00</subfield>
    <subfield code="w">2023-09-23</subfield>
    <subfield code="y">BK</subfield>
  </datafield>
</record>
